000 00646nam a2200205Ia 4500
003 GCL
008 140319s9999 xx 000 0 ara d
040 _aGCL /
_cGCL
082 0 4 _a193
_bم د
100 1 _aمحمود سيد احمد
245 1 0 _aدراسات فى فلسفة كانط السياسية /
_cمحمود سيد احمد
260 _a[S.N] :
_bدار الثقافة للنشر والتوزيع ،
_c1988
300 _a142
490 _a
650 0 4 _aالفلسفة
650 0 4 _aالفلسفة الغربية
650 0 4 _aالفلسفة الالمانية
650 0 4 _aالفلسفة السياسية
942 _2ddc
_cBK
999 _c30755
_d30755